A modern formal logic.

Gespeichert in:
Bibliographische Detailangaben
1. Verfasser: Fisk, Milton
Format: Buch
Sprache:English
Veröffentlicht: Englewood Cliffs, N.J. : Prentice-Hall, [1964].
Schriftenreihe:Prentice-Hall fundamentals of logic series
Schlagworte:
LEADER 00824nam a2200229 i 4500
001 c000248660
003 CARM
005 00000000000000.0
008 840406s1964 nju 0 eng d
019 1 |a 8095941  |z 54242690  |z 55547199  |5 LACONCORD2021 
035 |a (OCoLC)385445  |5 LACONCORD2021 
082 0 4 |a 160 
100 1 |a Fisk, Milton. 
245 1 2 |a A modern formal logic. 
260 |a Englewood Cliffs, N.J. :  |b Prentice-Hall,  |c [1964]. 
300 |a xi, 116 p. :  |b 23 cm. 
440 0 |a Prentice-Hall fundamentals of logic series 
504 |a Includes bibliographies. 
650 0 |a Logic. 
852 8 |b CARM  |h A2:AP17G0  |i B07469  |p 0331227  |f BK 
999 f f |i e0c75bfc-963e-5853-ac64-72e633dc0b30  |s 4e0da2eb-ed37-50e4-9b31-ba66bb2b6bc6 
952 f f |p Can circulate  |a CAVAL  |b CAVAL  |c CAVAL  |d CARM 1 Store  |e B07469  |f A2:AP17G0  |h Other scheme  |i book  |m 0331227